Statistics for The Thing: How Did They Die

Click here to take the quiz!

General Stats

  • This quiz has been taken 11 times
  • The average score is 10 of 12

Answer Stats

HintAnswer% Correct
Hand went in mouth guy=deadGarry
100%
Burnt alive after being inside a things mouthWindows
100%
Became a things with weird handsBennings
83%
Became a giant thing/ blew upBlair
83%
Blew up inside helicopterNorwegian
83%
Shot in the eyeNorwegian
83%
Became a thing and had it's head deformPalmer
83%
Shot in the headClark
67%
Hands eaten of the a thingCopper
67%
Burnt aliveFuchs
67%
UNKOWN just disapearedNauls
67%
Dies of a heart attack/became a thingNorris
67%

Score Distribution

Percentile by Number Answered

Percent of People with Each Score

Your Score History

You have not taken this quiz